| 000 | 01071nam a22002297a 4500 | ||
|---|---|---|---|
| 005 | 20210325205554.0 | ||
| 008 | s2547 th tha d | ||
| 020 | _a9789742881108 | ||
| 041 | _atha | ||
| 090 | _aPE1116.L3 อ514ท 2547 | ||
| 100 | 0 | _aอัจฉรียา นันทศิริพล | |
| 245 | 1 | 0 | _aเทคนิคการเขียนภาษาอังกฤษอย่างง่ายและชัดเจนสำหรับนักกฎหมาย [2nd] |
| 260 | 3 |
_aกรุงเทพฯ : _bวิญญูชน, _c2547 |
|
| 300 |
_a168 หน้า ; _b 21 ซม. |
||
| 650 | 0 | 4 | _aกฎหมาย -- ภาษาอังกฤษ -- การเขียน |
| 650 | 0 | 4 | _aภาษากฎหมาย -- ภาษาอังกฤษ |
| 850 | _aNALT | ||
| 942 | _cGB | ||
| 997 |
_a39559 ฉ.1 / 39560 ฉ.2 _kVC |
||
| 997 | _c000000000063846 | ||
| 998 | _aนางสาวเบญจลักษณ์ สุทธิวิไล | ||
| 999 |
_c63846 _d63846 |
||